Out of the maze (Record no. 9296)

MARC details
000 -LEADER
fixed length control field 00373nam a22001457a 4500
008 - FIXED-LENGTH DATA ELEMENTS--GENERAL INFORMATION
fixed length control field 230216b |||||||| |||| 00| 0 eng d
020 ## - INTERNATIONAL STANDARD BOOK NUMBER
International Standard Book Number 978-1-78504-211-9
082 ## - DEWEY DECIMAL CLASSIFICATION NUMBER
Classification number 362.20 JOH
100 ## - MAIN ENTRY--PERSONAL NAME
Personal name Dr. Spencer Johnson
245 ## - TITLE STATEMENT
Title Out of the maze
Statement of responsibility, etc. Dr. Spencer Johnson
260 ## - PUBLICATION, DISTRIBUTION, ETC.
Place of publication, distribution, etc. India;
Name of publisher, distributor, etc. Vermilion
Date of publication, distribution, etc. 2018
300 ## - PHYSICAL DESCRIPTION
Extent 84 p.
Dimensions 20.7 cm
942 ## - Added entry Elements (Koha)
Source of classification or shelving scheme Dewey Decimal Classification
Holdings
Withdrawn status Lost status Source of classification or shelving scheme Damaged status Not for loan Collection code Home library Current library Shelving location Date acquired Serial Enumeration / chronology Total Checkouts Total Renewals Full call number Barcode Checked out Date last seen Date last checked out Price effective from Koha item type
    Dewey Decimal Classification     Main TEST RTC Library RTC Library Main opac 16/02/2023 176964 2 2 362.20 JOH 30018261 22/05/2026 22/04/2026 22/04/2026 16/02/2023 Main
Royal Thimphu College || All Right Reserved